| 000 | 00500nam a2200169 i 4500 | ||
|---|---|---|---|
| 001 | 45225 | ||
| 003 | ES-MaACL | ||
| 005 | 20230906161202.0 | ||
| 007 | t| | ||
| 008 | 030325s1976 sp ||||1| cat d | ||
| 100 | 1 |
_aCirici, Alexandre. _938890 |
|
| 245 | 1 | 3 |
_aLa Barcelona tendra / _ctextos, Alexandre Cirici ; dibuixos, Aurora Altisent. |
| 260 |
_a[Barcelona] : _bLumen, _c[1976] |
||
| 300 |
_a25 p. : _bil. ; _c22 cm. |
||
| 700 | 1 |
_aAltisent, Aurora. _920545 |
|
| 852 |
_aES-MaACL _jA-5582 _bR.94552 |
||
| 999 |
_c45225 _d45225 |
||